Score 0/20 Timer 03:00
1 Play Today
Title Missing Word % Correct
_____ on the Orient ExpressMurder
92.1%
Up _____ & Personal Close
89.7%
A _____ Night's DreamMidsummer
86.7%
To Gillian on Her 37th _____Birthday
85.2%
The ______ of EastwickWitches
82.7%
What Lies _____Beneath
80.7%
_____ LiaisonsDangerous
78.3%
One _____ DayFine
76.7%
Batman _____Returns
75.3%
_____ Shadows Dark
75.2%
Title Missing Word % Correct
The Fabulous _____ BoysBaker
73.7%
_____ to the MobMarried
64.4%
The _____ of EgyptPrince
62.4%
Ant-Man and the _____Wasp
62.1%
_____ OleanderWhite
60.7%
I Am _____Sam
53.2%
The Age of _____Innocence
51.4%
Frankie and _____Johnny
50.3%
_____: Legend of the Seven SeasSinbad
48.4%
Maleficent: _____ of EvilMistress
33.2%

Today's Daily Dose

Missing Word
'M' Pairs

Quick Pick
'F' Video Games

Get the Picture
MCU Captains

You're not logged in!

Compare scores with friends on all Sporcle quizzes.
OR
Log In

Sporcle TV

Today on Sporcle TV


Watch our educational content, quiz creation guides, and fun videos on Sporcle TV.

Show Comments

Extras

Top Quizzes Today


Score Distribution

Paid Content

Your Account Isn't Verified!

In order to create a playlist on Sporcle, you need to verify the email address you used during registration. Go to your Sporcle Settings to finish the process.

Report this User

Report this user for behavior that violates our Community Guidelines.

Details: